| 000 | 00655nam a2200253Ia 4500 | ||
|---|---|---|---|
| 003 | OSt | ||
| 005 | 20250624113212.0 | ||
| 008 | 210423s2008 xx 000 0 und d | ||
| 020 | _a9789142911979 | ||
| 040 | _cAL | ||
| 041 | _aEnglish | ||
| 082 |
_a001.4 _223 _bANDD |
||
| 100 |
_aMolly Andrews _978840 |
||
| 245 | _aDoing narrative research | ||
| 260 |
_aNew Delhi _bSage Publications _c2008 |
||
| 300 |
_ax,159 _bPB |
||
| 365 |
_b1975 _cINR |
||
| 650 |
_aGeneral _978841 |
||
| 650 |
_aResearch _978842 |
||
| 700 |
_aSquire, Corinne _9215848 |
||
| 700 |
_aTamboukou, Maria _9215849 |
||
| 906 | _aDoing ; narrative ; research | ||
| 942 |
_2ddc _cBK |
||
| 999 |
_c156209 _d156209 |
||